| 000 | 00376nam a22001337a 4500 | ||
|---|---|---|---|
| 090 | _c10740 | ||
| 008 | 090205t xxu||||| |||| 00| 0 eng d | ||
| 020 | _a8170086094 | ||
| 082 |
_222 _a621.3 _bRAJ |
||
| 245 |
_aA Text book of Electrical Engineering/ _cBy R. K. Rajput |
||
| 260 |
_aNew Delhi: _bLaxmi publications, _c2004 |
||
| 300 | 6 | i |
_a690p.: _bill.; _c20 cm. |
| 942 |
_2ddc _cBB |
||
| 999 |
_c10740 _d10740 |
||